Quizzes
Events
Quiz Creation
Community
Videos
Private Events
Remove Ads
Sign In
Join for FREE
Feedback
Dark Mode
Quiz Categories
Sports
Geography
Music
Movies
Television
Just For Fun
Miscellaneous
History
Literature
Language
Science
Gaming
Entertainment
Religion
Holiday
For Kids
Quiz Lab
Recent
Popular Today
Quiz Kudos Today
Editor Picks
Curator Picks
Quizzes by...
Day
Popularity
Type
Ratings
Length
Year
Community
Subscriptions
Recent Discussions
Orange Saloon
Badges
Playlists
Quests
Create
Leaderboards
Showdown
Live 5
Trivia Bingo
Activity
Puzzle Library
Sporcle Events
Private Events
Virtual Trivia
Globe League
Become a Host
Pub Owners
SporcleCon
Opinionation
Our Games
Videos
Blog
Mobile Apps
Partnerships
Remove Ads and Go Orange
Feedback
Sports
Athletes
MLB
NBA
NHL
NFL
Soccer
Sports Teams
WWE
NCAA
Football
Premier League
Basketball
Baseball
Hockey
Golf
Tennis
Cricket
Rugby
Auto Racing
Olympics
World Cup
Sports
Athletes
MLB
NBA
NHL
NFL
Soccer
Sports Teams
WWE
NCAA
Football
Premier League
Basketball
Baseball
Hockey
Golf
Tennis
Cricket
Rugby
Auto Racing
Olympics
World Cup
Random Quiz
Search Sporcle
×
Curator Pick
Curator Pick
Sports
NBA
Type in answers that appear in a list
Type in answers that appear in a list
Classic
Best Score? Go Orange.
Texas Big 4 Hall of Famers Stats
Can you name the Texas Big 4 Hall of Famers? *see how to play*
By
andrewbooklover
7m
33 Questions
580 Plays
580 Plays
580 Plays
Comments
Comments
Give Quiz Kudos
Give Quiz Kudos
-
- Ratings
hide this ad
More Info
Replay
Link that replays current quiz
Next Quiz
Link to next quiz in quiz playlist
You Got
0%
They Got
Avg Score
43%
Avg Friend Score
Upgrade to see
Score Distribution
Jump to the score distribution portion of the page
Score
0/33
Timer
07:00
0
Plays Today
Team
Player
% Correct
Dallas Cowboys
Emmitt Smith
88.4%
San Antonio Spurs
David Robinson
87.4%
Dallas Cowboys
Troy Aikman
86.9%
Houston Astros
Nolan Ryan
85.9%
Houston Rockets
Hakeem Olajuwon
82.8%
Houston Astros
Craig Biggio
77.2%
Dallas Cowboys
Roger Staubach
77.1%
Dallas Cowboys
Michael Irvin
75.9%
Houston Astros
Jeff Bagwell
75.5%
San Antonio Spurs
George Gervin
62.4%
Texas Rangers
Ivan Rodriguez
52.8%
Dallas Cowboys
Randy White
51.4%
Dallas Cowboys
Tony Dorsett
48.1%
Dallas Stars
Mike Modano
48.1%
Dallas Cowboys
Bob Hayes
39%
Houston Rockets
Elvin Hayes
38.8%
Houston Rockets
Ralph Sampson
35.9%
Team
Player
% Correct
Houston Rockets
Calvin Murphy
34.8%
Houston Rockets
Yao Ming
32.9%
Dallas Cowboys
Deion Sanders
30.3%
Dallas Cowboys
Larry Allen
28.6%
Houston Rockets
Moses Malone
28.1%
Houston Astros
Joe Morgan
26.2%
Houston Rockets
Tracy Mcgrady
23.3%
Dallas Cowboys
Bob Lily
21.9%
Dallas Cowboys
Charles Haley
20.5%
Dallas Stars
Ed Belfour
17.6%
Dallas Cowboys
Mel Renfro
16.9%
San Antonio Spurs
Artis Gilmore
14.7%
Dallas Cowboys
Rayfield Wright
11.6%
Dallas Stars
Joe Nieuwendyk
7.4%
Houston Rockets
Dikembe Mutombo
4.7%
Texas Rangers
Fergie Jenkins
1.2%
Quiz Playlist
Details
Report
Send in Message
Add To Playlist
More Info:
The player has to have spent at least 5 years on the team
Classic:
Type in answers that appear in a list
Last Updated: Jun 29, 2017
Curator Pick in
Baseball
Quiz Scoreboard
CHALLENGE
Sign Up to Join the Scoreboard
Show All
Scores
Hide
Comments
May contain spoilers
Recently Published
1-10 Letter E Words III
by El_Dandy
Language
2m
One Thing in Common: World Cities II
by knightlancer
Geography
7m
Popular People in 1961
by mucciniale
History
6m
More to Explore
Quiz From the Vault
Featured Blog Post
Where Did the Easter Bunny Come From?
hide this ad
You Might Also Like...
Tags
Baseball Quiz
Basketball Quiz
Football Quiz
Hockey Quiz
MLB Quiz
NBA Quiz
NFL Quiz
NHL Quiz
Dallas Cowboys
Hall of Fame
Texas
Texas Rangers
Today's Top Quizzes in Sports
Browse Sports
hide this ad
Today's Top Quizzes in NBA
Browse NBA
Top Contributed Quizzes in Sports
1
Les meilleurs buteurs des matchs entre le PSG et l’OM
2
Les entraîneurs de l'OM et du PSG au 21e siècle
3
2022 World Cup Stars
4
FIFA Club World Cup Champions
5
Name the Premier League winners with different clubs
6
La finale Lions - Afrique du Sud 2021
7
Criteria MLB: Left Handed Sluggers
8
Players with Multiple 50 Home Run Seasons
9
MLB Players with Two .350 Batting Average Seasons
10
MLB Hall of Famer by Rings
Explore More
Trending Topics
Crossword
Anime
Harry Potter
Disney
Kpop
Marvel
NBA
Pokémon
The Office
Country
Soccer
Puzzle
WWE
NFL
Song
hide this ad
More By:
andrewbooklover
Quiz
Plays
Rating
Category
Featured
Created
Quick Pick: NBA Stars with No Rings
9,049
4.61
Just For Fun
May 23, 2017
Breath of the Wild Divine Beast
1,026
5.00
Gaming
Jun 9, 2017
Books in the Six of Crows series
876
3.60
Literature
Jan 23, 2017
Texas Big 4 Hall of Famers
580
2.85
Sports
Apr 27, 2017
Write This Down Lyrics
537
5.00
Music
Oct 16, 2016
Go to Creator's Profile
Score Distribution
Quiz Creator Spotlight
andrewbooklover
Follow
Send a Message
Quizzes Created
-
Created Quiz Play Count
-
More By This Creator
Popular Quizzes Today
1
Find the US States - No Outlines Minefield
2
Find the Countries of Europe - No Outlines Minefield
3
The Countries of the World
4
Popular People in 1961
5
1-10 Letter E Words III
6
Find the US States
7
One Thing in Common: World Cities II
8
US States
More Sports Quizzes
Colleges of Losing Super Bowl Quarterbacks
Editor's Pick
Trending Quizzes
Risky Map Clicking: Least Populous States A-Z
1-10 Letter F Words
1-10 Letter G Words
One Thing in Common: United Kingdom
Risky Map Clicking: Biggest States A-Z
Recently Updated
Leaping Animals
pecheneg
Reality TV Shows (A-Z)
bhenderson79
Rickey Henderson's Hall of Fame Teammates
pecheneg
Champions League XIs: Arsenal
pecheneg
Quick Pick: Celebrities in WWE's Hall of Fame
aduchscher
A-Z Keypad Blitz II
pecheneg
Multiple Oscar Actors
pecheneg
Mystery Phrase Blitz: Oscar 'Best Actors'
pecheneg
F. Scott Fitzgerald Novels
LTH
Pick 3 Villains
ddd62291
Trending Topics
Crossword
Anime
Kpop
Marvel
Harry Potter
Disney
NBA
WWE
Pokémon
Country
Puzzle
NFL
Soccer
Song
The Office
Your Account Isn't Verified!
In order to create a playlist on Sporcle, you need to verify the email address you used during registration. Go to your
Sporcle Settings
to finish the process.
Report this User
Report this user for behavior that violates our
Community Guidelines
.
Details:
Send Report
Go to the Sporcle.com Mobile Site →
Comments